000 00873nam a22002771c 4500
001 ht017491230
008 130623s2013 gw a||| 000u ger d
020 _a9783486712971
_9978-3-486-71297-1
041 _ager
100 1 _aHerold, Heiko
245 0 0 _aReichsgewalt bedeutet Seegewalt :
_bdie Kreuzergeschwader der Kaiserlichen Marine als Instrument der deutschen Kolonial- und Weltpolitik 1885 bis 1901 /
_cvon Heiko Herold
264 _aMünchen :
_bOldenbourg,
_c2013
300 _aVIII, 472 S. : Ill., Kt
502 _aZugl.: Düsseldorf, Univ., Diss., 2010
648 0 _a1885-1901
650 0 _aMarine
650 0 _aKreuzer
650 0 _aGeschwader
650 0 _aImperialismus
651 0 _aDeutschland
655 0 _aHochschulschrift
942 _cMG
040 _cRU-10907106
003 RU-10907106
999 _c24973
_d24973
490 0 _aBeiträge zur Militärgeschichte
_v74